Loading...
| Fine Arts - Classical Music | 6 | 18.33 | 3,900% | 400% | 550% |
| Fine Arts - Other | 4 | 15.00 | 2,925% | 350% | 425% |
| Fine Arts - Painting & Sculpture | 7 | 14.29 | 3,057% | 300% | 357% |
| History - American | 6 | 16.67 | 3,300% | 533% | 383% |
| History - European | 7 | 18.57 | 4,143% | 757% | 243% |
| History - Other | 7 | 18.57 | 2,571% | 300% | 700% |
| History - World | 8 | 11.25 | 3,038% | 288% | 313% |
| Literature - American | 4 | 12.50 | 2,025% | 675% | 200% |
| Literature - British | 9 | 13.33 | 2,511% | 444% | 322% |
| Literature - European | 9 | 18.89 | 5,733% | 344% | 511% |
| Literature - World | 5 | 12.00 | 5,560% | 0% | 120% |
| Mythology | 5 | 14.00 | 5,800% | 180% | 340% |
| Other | 10 | 17.00 | 4,690% | 450% | 400% |
| Philosophy | 8 | 16.25 | 2,263% | 250% | 663% |
| Religion | 7 | 15.71 | 0% | 700% | 614% |
| Science - Biology | 10 | 15.00 | 3,260% | 380% | 440% |
| Science - Chemistry | 5 | 22.00 | 4,520% | 620% | 620% |
| Science - Other | 3 | 20.00 | 7,533% | 0% | 867% |
| Science - Physics | 9 | 15.56 | 3,800% | 156% | 522% |
| Social Science | 5 | 18.00 | 4,860% | 340% | 700% |